Anteproyecto arquitectónico Mirador Recreativo Itta Xoxoctic en el kilómetro 27 del Municipio El Crucero
Presenta la construcción de un mirador turístico y recreativo, con un aporte económico para el progreso del municipio de El Crucero; el mirador contara con un parque recreativo que planteara espacios de actividades de áreas de picnic, áreas de juegos infantiles, áreas de descanso, entre otras....
| Main Authors: | , |
|---|---|
| Other Authors: | |
| Format: | Tesis Section = Libro |
| Language: | Undetermined Spanish |
| Published: |
Managua
UNI
2018
|
| Subjects: |
| LEADER | 01255nam a2200277Ia 4500 | ||
|---|---|---|---|
| 008 | 240830s9999 xx 000 0 und d | ||
| 040 | |a BIBLIOTECA-RUSB/ Mon 721 H565 | ||
| 041 | |a spa | ||
| 082 | |a Mon 721 H565 | ||
| 100 | 1 | |a Herrera Gutiérrez, Xóchitl Aymara | |
| 100 | 1 | |b Morgan Hernández, Raúl Alberto | |
| 245 | 1 | 0 | |a Anteproyecto arquitectónico Mirador Recreativo Itta Xoxoctic en el kilómetro 27 del Municipio El Crucero |
| 260 | |a Managua |b UNI |c 2018 | ||
| 300 | |a 139 p. :il. | ||
| 500 | |a Contiene: anexos y CD. | ||
| 502 | |a Tesis (Arquitecto) - UNI, 2018. | ||
| 520 | 3 | |a Presenta la construcción de un mirador turístico y recreativo, con un aporte económico para el progreso del municipio de El Crucero; el mirador contara con un parque recreativo que planteara espacios de actividades de áreas de picnic, áreas de juegos infantiles, áreas de descanso, entre otras. | |
| 650 | 7 | |a DISEÑO ARQUITECTONICO | |
| 650 | 7 | |b DETALLES ARQUITECTONICOS | |
| 650 | 7 | |c DISEÑO DE ESTRUCTURAS | |
| 650 | 7 | |d MIRADOR RECREARIVO ITTA XOXOCTIC-DISEÑO Y CONSTRUCCION | |
| 650 | 7 | |e ARQUITECTURA-DISEÑOS Y PLANOS | |
| 700 | 1 | |a Tutor: |b Benavides Rodríguez, Wildghem Ramón | |
| 942 | |c BK |2 ddc | ||
| 991 | |a TESIS | ||
| 999 | |c 21165 | ||